<?xml version="1.0" encoding="UTF-8"?>
<collection xmlns="http://www.loc.gov/MARC21/slim">
<record>
  <controlfield tag="001">131521</controlfield>
  <controlfield tag="005">20241029085047.0</controlfield>
  <datafield tag="020" ind1=" " ind2=" ">
    <subfield code="a">978-84-1122-370-6</subfield>
  </datafield>
  <datafield tag="037" ind1=" " ind2=" ">
    <subfield code="a">BOOK-2024-081</subfield>
  </datafield>
  <datafield tag="041" ind1=" " ind2=" ">
    <subfield code="a">spa</subfield>
  </datafield>
  <datafield tag="100" ind1=" " ind2=" ">
    <subfield code="a">Mérida Donoso, José Antonio</subfield>
    <subfield code="b"></subfield>
  </datafield>
  <datafield tag="245" ind1=" " ind2=" ">
    <subfield code="a">Narrativas en los juegos de la barbarie y los juegos sobre la II Guerra Mundial. Posibilidades e inconvenientes de su uso en la práctica docente desde la didáctica de la Lengua y la Literatura y las Ciencias Sociales</subfield>
  </datafield>
  <datafield tag="260" ind1=" " ind2=" ">
    <subfield code="a">Madrid</subfield>
    <subfield code="b">Dykinson</subfield>
    <subfield code="c">2022</subfield>
  </datafield>
  <datafield tag="300" ind1=" " ind2=" ">
    <subfield code="a">127-142</subfield>
  </datafield>
  <datafield tag="856" ind1="0" ind2=" ">
    <subfield code="f">agroca@unizar.es</subfield>
  </datafield>
  <datafield tag="856" ind1="4" ind2=" ">
    <subfield code="u">http://zaguan.unizar.es/record/131521/files/BOOK-2024-081.pdf</subfield>
    <subfield code="z">Sin acceso</subfield>
    <subfield code="s">1351691</subfield>
    <subfield code="y">Sin acceso</subfield>
  </datafield>
  <datafield tag="909" ind1="C" ind2="O">
    <subfield code="o">oai:zaguan.unizar.es:131521</subfield>
    <subfield code="p">books</subfield>
  </datafield>
  <datafield tag="773" ind1=" " ind2=" ">
    <subfield code="t">Construyendo identidades desde la educación</subfield>
  </datafield>
  <datafield tag="540" ind1=" " ind2=" ">
    <subfield code="9">info:eu-repo/semantics/closedAccess</subfield>
  </datafield>
  <datafield tag="980" ind1=" " ind2=" ">
    <subfield code="a">BOOK</subfield>
    <subfield code="b">CAPITULOS</subfield>
    <subfield code="b"></subfield>
  </datafield>
</record>
</collection>